| 000 | 00840pam a2200265 a 4500 | ||
|---|---|---|---|
| 001 | 2805017 | ||
| 003 | OSt | ||
| 005 | 20160817193452.0 | ||
| 008 | 820415s1983 nyua b 000 0 eng | ||
| 010 | _a 82006777 | ||
| 020 |
_a0668054883 (pbk.) : _c$12.00 |
||
| 040 |
_aDLC _cDLC _dDLC |
||
| 082 |
_aWB 18 _bP613i 1983 |
||
| 100 | 1 |
_aPieroni, Robert E. _910760 |
|
| 245 | 1 | 0 |
_aInternal medicine review / _cRobert E. Pieroni. |
| 250 | _a2nd ed. | ||
| 260 |
_aNew York : _bArco Pub., _c1983. |
||
| 300 |
_axv, 302 p. : _bill. ; _c26 cm. |
||
| 440 | 0 |
_aArco medical review series _910761 |
|
| 504 | _aIncludes bibliographies. | ||
| 650 | 0 |
_aInternal medicine _xExaminations, questions, etc. _910762 |
|
| 650 | 2 |
_aInternal medicine _xExamination questions. _910763 |
|
| 906 |
_a7 _bcbc _corignew _d1 _eocip _f19 _gy-gencatlg |
||
| 942 |
_2z _cO_SHELF |
||
| 999 |
_c5021 _d5021 |
||